Guess the 1970s song lyrics #322 - Statistics

General Stats
  • This quiz has been taken 17 times
  • The average score is 104 of 163
Answer Stats
Answer % Correct
a
100%
be
100%
I
100%
the
100%
you
93%
love
86%
My
86%
And
79%
in
79%
me
79%
she
79%
She
79%
to
79%
But
71%
By
71%
don't
71%
down
71%
I'm
71%
know
71%
man
71%
On
71%
on
71%
Then
71%
they
71%
what
71%
always
64%
Cause
64%
her
64%
knows
64%
lets
64%
no
64%
out
64%
she'll
64%
talk
64%
that
64%
want
64%
we
64%
when
64%
all
57%
baby
57%
get
57%
goes
57%
lights
57%
like
57%
make
57%
never
57%
Oh
57%
one
57%
say
57%
She's
57%
turn
57%
with
57%
behind
50%
Behind
50%
closed
50%
doors
50%
glad
50%
hair
50%
hang
50%
Just
50%
lady
50%
makes
50%
Or
50%
over
50%
should
50%
smile
50%
too
50%
people
43%
scene
43%
tired
43%
away
36%
Lord
36%
proud
36%
still
36%
crowd
29%
leavin
29%
far
21%
hangin
14%
No matching quizzes found
Score Distribution
Percent of People with Each Score
Percentile by Number Answered
Your Score History
You have not taken this quiz